[Event "Red Bull Chess Masters 2018"]
[Site "Istanbul"]
[Date "2018.10.20"]
[Round "1.1"]
[White "Gokerkan, Cem Kaan"]
[Black "Degirmenci, Yagiz"]
[Result "1-0"]
[WhiteElo "2420"]
[BlackElo "1881"]
[Annotator "TA"]
[PlyCount "119"]
[EventDate "2018.10.19"]
[EventType "team-tourn"]
[EventCountry "TUR"]
[SourceTitle "playchess.com"]
[Source "ChessBase"]
[SourceQuality "1"]

{[%evp 11,119,-3,0,-21,27,17,45,49,46,39,49,58,59,72,83,78,77,66,56,45,42,37,41,43,61,10,22,13,34,34,39,23,37,30,25,30,43,14,18,0,25,22,39,26,39,13,80,69,31,39,79,68,145,124,185,111,142,58,77,30,37,33,85,75,89,0,-6,-12,78,0,0,0,0,-24,262,93,90,0,235,8,524,317,304,300,284,279,277,257,398,398,369,356,647,485,474,429,421,410,388,367,1248,1195,1028,1003,698,698,9069,8662,4582,4256]} 1. g3 d5 2. Bg2 Nf6 3. Nf3 e6 4. O-O Be7 5. d3 b6 (5... O-O 6. Nbd2 c5 7. e4 Nc6 8. Re1 Qc7 9. e5 Nd7 10. Qe2 b5 11. Nf1 Bb7 12. Bf4 Rfc8 13. Ne3 Qd8 14. h4 h6 15. c3 b4 16. c4 Nb6 17. Rad1 Rc7 18. Ng4 Qf8 19. Qe3 Nd4 20. Nxd4 cxd4 {0-1 (44) Svidler,P (2760)-Kramnik,V (2800) Moscow 2018}) 6. a4 {A07: Réti Opening: New York and Capablanca Systems} Bb7 {LiveBook: 3 Games} 7. a5 bxa5 $146 ({Predecessor:} 7... O-O 8. c3 c5 9. Bg5 bxa5 10. Qa4 Nc6 11. Nbd2 Nd7 12. Bxe7 Qxe7 13. Nb3 {1-0 (64) Alvarado Diaz,A (2313)-Rudolf,A (2301) Vecindario 2013}) 8. Nbd2 {White has an edge.} O-O 9. Nb3 Nc6 10. Bd2 Bb4 11. Nxa5 Bxa5 12. Bxa5 Nxa5 13. Rxa5 Qd6 14. Qd2 c5 15. Rfa1 a6 16. Qf4 Qb6 17. b3 Nd7 18. d4 (18. e4 $14) 18... cxd4 (18... Rac8 {is more complex.} 19. dxc5 Nxc5 20. Qd4 Rfd8 21. b4 Nd7) 19. Qxd4 Rfc8 20. Qxb6 Nxb6 21. R1a2 Rc7 22. e3 Rac8 23. Ne1 Nd7 24. Bf1 Nb8 25. f4 Kf8 26. Kf2 Ke7 27. Bd3 h6 28. Nf3 Rc5 (28... Nc6 $11) 29. R5a3 Nc6 30. Ra4 Nb8 31. Nd4 f6 (31... R5c7 $14) 32. Ke1 R5c7 (32... Rd8 $16 {keeps fighting.}) 33. Kd2 ({White should try} 33. f5 $1 $18) 33... g5 34. b4 (34. Rb4 $16) 34... gxf4 35. gxf4 Rg8 36. b5 Rg2+ (36... axb5 $1 $14 37. Ra7 b4) 37. Kc1 {[%cal Rb5a6]} axb5 38. Nxb5 (38. Ra7 $1 $16) 38... Rd7 $11 39. Nd4 Rxh2 (39... Nc6 $11) 40. Rb4 ({White should play} 40. Rb2 $16) 40... Rh1+ 41. Kd2 {aiming for Rab2.} Rh2+ $1 42. Ke1 {Black must now prevent Rb6.} e5 $2 {[%mdl 8192]} (42... Nc6 $1 $11 43. Rb6 Nxd4 44. exd4 Bc8) 43. fxe5 $2 (43. Nf5+ $18 {and the rest is easy.} Ke6 44. Rab2) 43... fxe5 $16 {[#]} 44. Nf5+ (44. Bf5 $1 $16 {[%cal Rf5d7]} Nc6 45. Nxc6+ Bxc6 46. Bxd7 Kxd7 47. Rg4) 44... Kd8 $2 (44... Kf6 $1 $11 {and Black stays safe.}) 45. Ra7 $2 (45. Rab2 $18) 45... Kc8 $2 {[%mdl 8192] [#]} (45... Nc6 $11 {and Black has nothing to worry.} 46. Raxb7 Nxb4 47. Rb8+ Kc7 48. Rxb4 Rd8) 46. Raxb7 $1 {[%mdl 512]} Rxb7 ({Don't play} 46... Rh1+ 47. Bf1 $18) 47. Nd6+ Kc7 48. Rxb7+ ({Don't do} 48. Nxb7 $6 Nc6 $18) 48... Kxd6 49. Rxb8 $18 {[%mdl 4096] Endgame KRB-KR} e4 (49... h5 {might work better.} 50. Rd8+ Ke6) 50. Be2 Rh1+ 51. Kd2 h5 $2 (51... Rh2 52. Rh8 Ke5) 52. Rh8 h4 53. c4 dxc4 54. Bxc4 Ke5 55. Rh5+ Kd6 $2 (55... Kf6 56. Bd5 Rh2+ 57. Kc3 Kg6) 56. Bd5 {White is clearly winning.} Rh2+ {[#]} 57. Kc3 $1 {[%cal Rc3d4]} Re2 58. Kd4 h3 59. Rh6+ Ke7 60. Rxh3 {Precision: White = 46%, Black = 25%.} 1-0

[Event "Red Bull Chess Masters 2018"]
[Site "Istanbul"]
[Date "2018.10.20"]
[Round "1.1"]
[White "Aliakbarov, Anar"]
[Black "Zor, Alber Kadir"]
[Result "1/2-1/2"]
[WhiteElo "2281"]
[BlackElo "2167"]
[Annotator "TA"]
[PlyCount "175"]
[EventDate "2018.10.19"]
[EventType "team-tourn"]
[EventCountry "TUR"]
[SourceTitle "playchess.com"]
[Source "ChessBase"]
[SourceQuality "1"]

{[%evp 22,175,-6,-11,-12,-25,-23,-17,0,0,0,-5,-9,-11,-6,-13,-13,-18,-10,-25,30,26,24,22,35,16,89,44,77,29,42,36,56,8,8,8,16,0,0,3,9,0,7,0,7,0,0,0,0,0,0,0,0,-27,-9,-148,-144,-149,-156,-368,-347,-429,-370,-393,-399,-400,-410,-377,-366,-662,-669,-663,-663,-664,-662,-666,-666,-666,-637,-655,-655,-636,-635,-627,-613,-581,-404,-542,-479,-373,-70,-70,-70,-70,-70,-70,-70,-70,-70,-70,-70,-70,-70,-71,-71,-71,-71,-72,-72,-72,-72,-72,-72,-72,-72,-72,-72,-72,-72,-72,-72,-87,-87,-87,-87,-87,-87,-87,-72,-72,-72,-72,-72,-72,-72,-72,-72,-72,-71,-71,-71,-71,-71,-71,-71,-71,-71,-71,-71,-71,-71,-71,-71,-71,-71,-70]} 1. d4 d5 2. c4 e6 3. cxd5 exd5 4. Nc3 c6 5. Qc2 Bd6 6. Nf3 Ne7 7. Bg5 f6 8. Bh4 Bf5 9. Qd2 Nd7 {D31: Damengambit (Halbslawisch)} (9... g5 10. Bg3 Ng6 11. Bxd6 Qxd6 12. e3 Be4 {0-1 (12) Barcenilla,R (2446)-Azarov,S (2556) Saint Louis 2017}) 10. e3 O-O 11. Bd3 Nb6 12. O-O {LiveBook: 4 Partien} Qd7 13. Bg3 Bxd3 14. Qxd3 Nf5 15. Bxd6 $146 ({Vorgänger:} 15. Nd2 Rae8 16. Rab1 Nxg3 17. hxg3 {0-1 (43) Szabo,Z (2350)-Vigh,B (2370) Hungary 1996}) 15... Nxd6 16. Nd2 Rae8 17. b3 Re7 18. a4 a6 19. a5 Nbc8 20. Na4 Ne4 ({Besser ist} 20... Qf5 21. Qxf5 Nxf5) 21. Nxe4 $11 dxe4 22. Qc4+ Kh8 23. Nc5 Qg4 (23... Qd6 $11) 24. h3 Qg6 25. Ne6 Rfe8 26. Nf4 Qf5 27. Qc5 Qxc5 28. dxc5 Rd7 29. Rfd1 Red8 30. Rxd7 Rxd7 {[%mdl 4096] Endspiel KTS-KTS} 31. Ra4 f5 $1 32. g4 g6 $1 33. gxf5 gxf5 34. Ne6 Ne7 35. Kg2 Kg8 36. Kg3 Kf7 37. Nd4 Kf6 38. Ra1 (38. f3 $1 $11) 38... Nd5 $17 39. Kh2 {[#]} f4 $1 40. exf4 $2 (40. Nc2 $17 {ist wohl besser.}) 40... Nxf4 $19 41. Ra4 Ke5 42. Nc2 Rd2 43. Ne3 Rxf2+ 44. Kh1 {[#] Droht Sg4+ und aus.} Rf3 45. Ng4+ $2 (45. Nc4+ Ke6 46. h4) 45... Kf5 46. Nh6+ Kg6 47. Rxe4 Kxh6 {KTS-KT} 48. Rb4 Rxh3+ 49. Kg1 Ne6 50. Rxb7 Nxc5 51. Rb6 Nxb3 52. Rxc6+ Kg5 53. Rxa6 h5 54. Rb6 Nd4 55. Rb4 Nf5 $2 (55... Rh4 $19 56. Rb8 Rg4+ 57. Kf1 Rf4+ 58. Kg2 Nf5) 56. Ra4 $15 Rb3 {Und ...Tb7 würde nun gewinnen.} 57. a6 Rb8 58. a7 Ra8 59. Kh2 Ne7 60. Ra5+ Kg6 61. Kh3 Nc8 62. Kh4 Rxa7 {Schwarz steht besser.} 63. Rg5+ Kf6 64. Rxh5 Rg7 65. Rh6+ Kf5 66. Rh5+ Kf4 {( -> ...Tg1)} 67. Kh3 Ne7 68. Kh2 Nf5 69. Rh8 Rf7 70. Ra8 Kf3 71. Ra3+ Ne3 72. Rb3 Rh7+ 73. Kg1 Rg7+ 74. Kh2 Rg2+ 75. Kh3 Rc2 (75... Rg1 {keeps more tension.} 76. Kh4 Kf4 77. Rb4+ Ke5 78. Ra4 Nd5) 76. Kh4 Rc5 77. Ra3 Kf4 78. Ra4+ Kf5 79. Kg3 Nd5 80. Ra3 Rc8 81. Kf3 Rh8 {Weiss muss nun ...Th3+ beachten.} 82. Kg3 Ke4 83. Ra4+ Ke5 84. Ra5 Rb8 85. Ra3 Nf6 86. Ra5+ Ke4 87. Ra4+ Kf5 88. Ra5+ {Precision: Weiß = 53%, Schwarz = 78%.} 1/2-1/2

[Event "Red Bull Chess Masters 2018"]
[Site "Istanbul"]
[Date "2018.10.20"]
[Round "1.1"]
[White "Tarlabasi, Emirhan"]
[Black "Erdogan, Anil Berk"]
[Result "1-0"]
[WhiteElo "2264"]
[BlackElo "2116"]
[Annotator "TA"]
[PlyCount "82"]
[EventDate "2018.10.19"]
[EventType "team-tourn"]
[EventCountry "TUR"]
[SourceTitle "playchess.com"]
[Source "ChessBase"]
[SourceQuality "1"]

{[%evp 27,82,52,50,10,7,8,11,14,156,175,157,163,156,168,233,154,138,129,296,293,503,392,646,646,638,641,975,964,1038,1032,1029,974,1093,1093,1399,1400,1390,1390,1744,1725,2954,2829,2325,1708,3100,2087,2947,2614,2851,1631,29979,2312,1988,1860,29991,29971,29993]} 1. d4 {Stohl,I} Nf6 2. c4 c5 3. d5 e6 4. Nc3 exd5 5. cxd5 d6 6. e4 g6 7. f4 Bg7 8. Bb5+ Nfd7 9. Bd3 O-O 10. Nf3 Na6 11. O-O Nc7 12. a4 a6 13. Re1 Re8 {A67: Modern Benoni: Taimanov Variation} 14. Be3 Rb8 {LiveBook: 7 Games} 15. a5 b5 {[#] The position is equal.} 16. Bf2 $146 ({Predecessor:} 16. axb6 Rxb6 17. Qd2 Rb4 18. Rab1 Nf6 19. Bf2 Bg4 20. Ng5 h6 21. Nf3 Bxf3 22. gxf3 {0-1 (40) Lalic,B (2600)-Kotsur,P (2500) Luzern 1997 CBM 062 [Stohl,I]}) 16... c4 17. Bf1 b4 (17... Nc5 $11) 18. Na4 $16 c3 19. bxc3 bxc3 20. Nd4 Nb5 (20... Bxd4 $142 21. Qxd4 (21. Bxd4 Nb5 $16) 21... Nb5 22. Bxb5 axb5) 21. Bxb5 axb5 22. Nxc3 b4 $2 {[#]} (22... Bxd4 $16 {was worth a try.} 23. Qxd4 b4) 23. Ncb5 $18 Qf6 $2 (23... Rxb5 24. Nxb5 Bxa1) 24. Rc1 Ba6 $2 (24... Rf8 25. Qd2 Bh6) 25. Nc7 Bb7 26. a6 {[%cal Ba5a6,Ba6a7][%mdl 32]} Ba8 27. a7 Rbc8 28. Nxe8 Rxe8 29. Qa4 Rd8 30. Nc6 Re8 31. Nxb4 Rd8 32. Nc6 Re8 33. Nb8 Qxf4 34. Qxd7 Rf8 35. Nc6 Qd2 36. Qxd6 Bb2 37. Rcd1 Qg5 38. Ne7+ Kh8 {[#]} 39. Bd4+ (39. Nxg6+ $142 $1 hxg6 (39... fxg6 40. Qxf8#) 40. Qxf8+ Kh7 41. Qxa8 Be5 42. Qe8 Qf4 43. Bg3 Bd4+ 44. Rxd4) 39... Bxd4+ 40. Rxd4 {Hoping for Nxg6+!} Qh4 41. Rf1 f6 {Precision: White = 83%, Black = 32%.} 1-0

[Event "Red Bull Chess Masters 2018"]
[Site "Istanbul"]
[Date "2018.10.20"]
[Round "1.1"]
[White "Isik, Alparslan"]
[Black "Gunduz, Umut Erdem"]
[Result "0-1"]
[WhiteElo "2220"]
[BlackElo "2205"]
[Annotator "TA"]
[PlyCount "70"]
[EventDate "2018.10.19"]
[EventType "team-tourn"]
[EventCountry "TUR"]
[SourceTitle "playchess.com"]
[Source "ChessBase"]
[SourceQuality "1"]

{[%evp 22,70,61,54,65,51,74,10,4,1,14,12,-7,-45,-30,-47,-2,-22,-30,-47,-23,-21,-37,-36,-21,-29,0,-108,-54,-56,-50,-87,-79,-183,-85,-126,-84,-93,-67,-613,-597,-630,-628,-619,-610,-610,-597,-592,-571,-1366,-1348]} 1. d4 Nf6 2. c4 c5 3. d5 e6 4. Nc3 exd5 5. cxd5 d6 6. Nf3 g6 7. Nd2 a6 8. a4 Bg7 9. e4 O-O 10. Be2 Nbd7 {[%cal Bb8d7,Bd7b6,Bb6c4][%mdl 32]} 11. O-O Qe7 {A74: Modern Benoni: Classical: 9...a6} (11... Re8 12. Re1 Rb8 13. h3 Qc7 14. Qc2 h6 15. Ra3 g5 16. Nf1 Ne5 17. f4 gxf4 18. Bxf4 Ng6 19. Bh2 c4 20. a5 b5 {0-1 (39) Navara,D (2734)-Akopian,V (2648) Berlin 2015}) 12. f4 {LiveBook: 5 Games} Ne8 13. Kh1 Rb8 {[#] White is slightly better.} 14. a5 $146 (14. Re1 $16) ({Predecessor:} 14. Nc4 Bd4 15. Bf3 Ng7 16. Ne2 Bf6 17. Ra3 Re8 18. a5 Qf8 19. Rb3 {0-1 (51) Sadzikowski,D (2547)-Mista,A (2592) Krakow 2017}) 14... b5 $11 15. axb6 $1 Nxb6 16. Ra3 ({Much weaker is} 16. Bxa6 Bxc3 17. bxc3 Qa7 $17) 16... Nc7 17. Re1 Re8 18. Nf3 Bg4 {Strongly threatening ...Bxc3.} (18... Bxc3 $5 19. bxc3 Qxe4 $15) 19. h3 Bxf3 20. Bxf3 Nc4 21. Rb3 $1 Nb5 $36 {[%mdl 2048] Black has good play.} 22. Nxb5 axb5 23. Qc2 $1 f5 24. Bd2 (24. Re2 $1 $11 fxe4 25. Bxe4) 24... fxe4 ({Better is} 24... Nxd2 $17 25. Qxd2 Qh4) 25. Rxe4 $15 Qf7 {White must now prevent ...Rxe4.} 26. Rxe8+ Qxe8 27. Rd3 (27. Bc3 $17) 27... Qe7 (27... Nxb2 $19 {has better winning chances.} 28. Re3 Qf8) 28. Bc3 Bh6 29. g3 Re8 30. Rd1 $2 {[%mdl 8192] [#]} (30. b4 $15) 30... Ne3 $1 $19 {[%csl LRc2,LRd1] Black is clearly winning.} 31. Qd2 Nxd1 32. Qxd1 Qe3 33. Kg2 Bg7 34. Bxg7 Kxg7 35. Qa1 Qd2+ {Precision: White = 21%, Black = 48%.} 0-1

[Event "Red Bull Chess Masters 2018"]
[Site "Istanbul"]
[Date "2018.10.20"]
[Round "1.1"]
[White "Aydincelebi, Kagan"]
[Black "Sevgi, Volkan"]
[Result "1-0"]
[WhiteElo "2193"]
[BlackElo "2296"]
[Annotator "TA"]
[PlyCount "61"]
[EventDate "2018.10.19"]
[EventType "team-tourn"]
[EventCountry "TUR"]
[SourceTitle "playchess.com"]
[Source "ChessBase"]
[SourceQuality "1"]

{[%evp 12,61,10,11,102,109,274,278,273,275,339,349,355,338,362,336,353,356,316,353,454,439,430,437,459,460,581,492,617,613,619,625,690,536,727,591,748,727,861,683,808,791,811,734,2399,2422,2382,2368,2277,2214,1916,1922]} 1. e4 c6 2. d4 d5 3. exd5 cxd5 4. c4 Nf6 5. Nc3 Nc6 6. Bg5 Be6 7. Be2 {LiveBook: 77 Games} g6 {B13: Caro-Kann: Exchange Variation and Panov-Botvinnik Attack} (7... dxc4 $2 8. Bxf6 exf6 9. d5 $16) (7... Qa5 $11 {remains equal.}) (7... Qa5 8. Bf3 dxc4 9. d5 O-O-O 10. Bd2 Nxd5 11. Nxd5 Rxd5 12. Bxd5 Qxd5 13. Nf3 Bf5 14. O-O e6 15. b3 Bd3 16. bxc4 Qf5 17. Re1 Bc5 18. Be3 Bb4 19. Bd2 Bc5 20. Be3 Bb4 21. Bd2 Bc5 22. Be3 {½-½ (22) Safarli,E (2664)-Karjakin,S (2779) Shamkir 2016 CBM 173 [Besenthal,K]}) 8. Bf3 $16 {[#] aiming for Bxf6.} Ne4 $146 (8... Na5 $16 {was called for.}) ({Predecessor:} 8... Qb6 9. Bxf6 exf6 10. cxd5 Nxd4 11. dxe6 Qxb2 12. Qa4+ b5 13. Qxd4 Qxa1+ 14. Ke2 Qb2+ 15. Kd3 fxe6 16. Bxa8 {1-0 (23) Badelka,O (2335)-Maltsevskaya,A (2271) Mamaia 2017}) 9. Bxe4 $18 (9. cxd5 Nxc3 10. bxc3 Bxd5 $14) (9. Nxe4 dxe4 10. d5 (10. Bxe4 Bxc4 11. Nf3 Bg7 $11) 10... exf3 $11) 9... dxe4 {White has a decisive advantage.} 10. d5 Qa5 11. dxe6 {[%csl Ge6][%cal Rd1d7]} Rd8 12. Bd2 Bh6 13. exf7+ ({Less strong is} 13. Bxh6 Rxd1+ 14. Rxd1 Nb4 $16) ({But not} 13. Nxe4 Bxd2+ 14. Nxd2 O-O $18) 13... Kxf7 14. Nxe4 ({Not} 14. Bxh6 Rxd1+ 15. Rxd1 Nb4 $16) 14... Bxd2+ 15. Nxd2 Nb4 16. Ngf3 {White is clearly winning.} Nd3+ 17. Kf1 Qf5 18. Qe2 g5 19. Qe4 Qf6 20. h4 g4 21. Qxg4 h6 22. g3 Qxb2 23. Kg2 Qb6 24. Ne4 Rhg8 25. Qh5+ Kf8 26. Qf5+ Ke8 27. Rad1 {Hoping for Rxd3!} a6 {[#]} 28. Rxd3 $1 Rxd3 29. Ne5 Rf8 30. Qh5+ Kd8 31. Nxd3 1-0

[Event "Red Bull Chess Masters 2018"]
[Site "Istanbul"]
[Date "2018.10.20"]
[Round "1.1"]
[White "Eren, Ataberk"]
[Black "Karaokcu, Erkin"]
[Result "0-1"]
[WhiteElo "2188"]
[BlackElo "2256"]
[Annotator "TA"]
[PlyCount "94"]
[EventDate "2018.10.19"]
[EventType "team-tourn"]
[EventCountry "TUR"]
[SourceTitle "playchess.com"]
[Source "ChessBase"]
[SourceQuality "1"]

{[%evp 14,93,16,8,33,19,41,46,57,56,43,51,64,63,63,54,45,-13,67,66,95,85,151,81,64,74,75,74,68,-11,-17,-20,82,8,12,4,12,8,10,0,4,0,295,199,189,-177,-166,-430,-426,-419,-418,-469,-468,-511,-505,-29985,-29986,-6018,-1195,-1020,-543,-524,-524,-604,-598,-639,-630,-721,-711,-933,-923,-917,-918,-904,-904,-891,-896,-1022,-1003,-29994,-29995,-29999]} 1. e4 c5 2. Nf3 d6 3. Bb5+ Nd7 4. O-O a6 5. Bxd7+ Qxd7 6. d4 {B51: Sicilian: Moscow Variation (3 Bb5+) without 3...Bd7} cxd4 7. Qxd4 e5 8. Qd3 {LiveBook: 8 Games. The position is equal.} h6 (8... Qc6 9. c4 Be6 10. b3 b5 11. Na3 Nf6 12. Nd2 Rb8 13. Bb2 Be7 14. Rac1 {0-1 (37) Hasangatin,R (2509)-Andreikin,D (2723) Sochi 2017}) 9. a4 $146 ({Predecessor:} 9. Nc3 Nf6 10. a4 Qc6 11. Nd5 Nxd5 12. exd5 Qc7 13. Nd2 Be7 {0-1 (53) Malbran,G (2335)-Servat,R (2450) Potrero de los Funes 1995}) 9... Nf6 10. c4 Be7 11. Nc3 O-O 12. b3 Qc6 13. Ba3 Rd8 14. Qe3 Bf8 15. Rac1 (15. Nd2 $14) 15... Bg4 (15... b5 $11) 16. h3 $14 Bh5 17. Nh4 Qd7 (17... b5 $142) 18. Rfe1 ({White should try} 18. f4) 18... d5 $16 {[#] Strongly threatening ...d4.} 19. Bxf8 d4 20. Qg3 {[%csl Gf8][%cal Rg3g7]} Rxf8 21. Nb1 (21. Nd5 $14 Nxd5 22. cxd5) 21... Rfe8 $11 22. Nd2 b5 (22... Qc6 $11 {keeps the balance.}) 23. c5 (23. Nf5 $6 Bg6 $11) (23. axb5 $16 {And now b6 would win.} Qd8 24. Qd3 (24. Nf5 Bg6 $14)) 23... bxa4 24. c6 Qe6 {Threatening ...Rac8.} 25. bxa4 Rac8 26. c7 Qd7 27. Nc4 (27. Nf5 Bg6 $17) 27... d3 $2 {[%mdl 8192]} (27... Qxc7 $11 28. Nf5 Bg6) 28. Nf5 {[%csl Gf5][%cal Rg3g7]} (28. Nxe5 $2 Rxe5 29. Qxe5 d2 $17) 28... Bg6 29. Nfd6 $4 {[%mdl 8192]} ({Not} 29. Nxe5 Rxe5 30. Qxe5 Bxf5 $17) (29. Nb6 $18 Nxe4 30. Rxe4 (30. Nxd7 $2 {too greedy.} Nxg3 31. Nb6 Bxf5 $19) (30. Nxh6+ gxh6 31. Rxe4 d2 $15)) 29... d2 $1 $19 {[%cal Rd2c1]} 30. Nxe8 $2 (30. Nxc8 dxe1=R+ 31. Rxe1 Rxc8 32. Nb6 Qxc7 33. Nxc8) 30... dxe1=Q+ 31. Rxe1 {Hoping for Nb6.} Rxe8 32. c8=Q Rxc8 (32... Qxc8 $2 33. Nd6 $19) 33. Nb6 Qd2 34. Re3 {[#]} (34. Qe3 $19 Qxe3 35. Rxe3 Rc1+ 36. Kh2) 34... Rc1+ 35. Kh2 Nh5 {( -> ...Qd1)} 36. Qf3 Qd1 37. Qxd1 Rxd1 38. Nc4 f6 39. g3 Rd4 40. Nb6 Bxe4 41. Rc3 Rd1 {[%csl Ge4][%cal Rd1h1]} 42. f3 Rd2+ 43. Kg1 Bb7 44. Nc4 Ra2 45. Nd6 Nxg3 46. Rc7 Bxf3 {[%csl Gf3][%cal Ra2g2]} 47. Ne8 Rg2# {Precision: White = 39%, Black = 48%.} 0-1

[Event "Red Bull Chess Masters 2018"]
[Site "Istanbul"]
[Date "2018.10.20"]
[Round "1.1"]
[White "Ozdover, Mustafa Berkay"]
[Black "Dogan, Ali Ekber"]
[Result "0-1"]
[WhiteElo "2120"]
[BlackElo "2200"]
[Annotator "TA"]
[PlyCount "41"]
[EventDate "2018.10.19"]
[EventType "team-tourn"]
[EventCountry "TUR"]
[SourceTitle "playchess.com"]
[Source "ChessBase"]
[SourceQuality "1"]

{[%evp 20,41,41,18,10,13,17,-4,14,14,31,18,9,0,0,0,-2,-4,-11,-11,-11,-9,0,-25]} 1. Nf3 Nf6 2. c4 g6 3. g3 Bg7 4. Bg2 O-O 5. O-O d6 6. d4 Nbd7 7. Nc3 e5 8. d5 a5 9. e4 Nc5 10. Ne1 Ne8 11. Nd3 {LiveBook: 3 Partien. E67: Königsindisch (Hauptvariante des g3-Systems ohne e2-e4)} Nxd3 12. Qxd3 f5 13. f4 (13. exf5 Bxf5 14. Qe2 Qd7 15. Be3 b6 16. Ne4 Nf6 17. Bd2 Nxe4 18. Bxe4 Bxe4 19. Qxe4 {0-1 (106) Shvyrjov,I (2491)-Volodin,A (2244) Tallinn 2006}) 13... exf4 14. Bxf4 fxe4 15. Nxe4 $146 ({Vorgänger:} 15. Bxe4 Nf6 16. Bg5 Bh3 17. Rf4 Qd7 18. Bg2 Bf5 19. Qd2 Rae8 20. Rff1 Bh3 21. Rae1 Rxe1 {½-½ (21) Woerner,M (1996)-Mueller,H (1867) Bayern 2005}) 15... Bf5 {Die Stellung ist ausgeglichen.} 16. Rae1 Nf6 17. b3 Qd7 18. Qd2 Nxe4 19. Bxe4 Bh3 20. Bg2 a4 21. Qe2 {[%mdl 32768] Loss on Time!?} 0-1

[Event "Red Bull Chess Masters 2018"]
[Site "Istanbul"]
[Date "2018.10.20"]
[Round "1.1"]
[White "Yeke, Serkan"]
[Black "Yarar, Muammer Atakan"]
[Result "1-0"]
[WhiteElo "2117"]
[BlackElo "1784"]
[Annotator "TA"]
[PlyCount "62"]
[EventDate "2018.10.19"]
[EventType "team-tourn"]
[EventCountry "TUR"]
[SourceTitle "playchess.com"]
[Source "ChessBase"]
[SourceQuality "1"]

{[%evp 14,62,30,28,67,68,72,79,78,74,93,68,67,37,73,23,39,24,42,19,34,0,39,0,0,-20,-11,-25,-30,-24,256,259,303,319,355,345,331,330,821,211,203,198,413,169,172,154,250,258,759,90,6107]} 1. Nf3 d5 2. d4 Nf6 3. c4 c6 4. Nc3 dxc4 5. a4 e6 6. e3 {[%cal Be2e3,Be3e4,Be4e5][%mdl 32]} Be7 {D16: Slav Defence: 5 a4: Lines with 5...Bg4 and 5...Na6} (6... c5 7. Bxc4 cxd4 8. exd4 Be7 9. O-O O-O 10. Qe2 Nc6 11. Rd1 Nb4 12. Ne5 b6 13. Qf3 Rb8 14. Qg3 Bb7 15. Bh6 {0-1 (41) Bosiocic,M (2600)-Yu,Y (2765) Batumi 2018}) 7. Bxc4 O-O 8. O-O {LiveBook: 3 Games} Nbd7 {White has an edge.} 9. e4 b6 10. Qe2 Bb7 11. Rd1 Re8 12. e5 $146 ({Predecessor:} 12. Ng5) 12... Nd5 13. Ne4 c5 14. Bg5 (14. Nfg5 $5 {[%cal Re2h5]} h6 15. Nxf7 Kxf7 16. Ra3 $15) 14... Bc6 15. Bxe7 Qxe7 16. Nd6 Rf8 17. a5 h6 18. axb6 axb6 19. dxc5 bxc5 20. Bb5 Nf4 21. Qe3 Nxg2 $2 {[%mdl 8192] [#]} (21... Bxb5 $11 {and Black has nothing to worry.} 22. Qxf4 Bc6) 22. Kxg2 $18 Bxb5 23. Nxb5 Nb6 24. Nd6 Nd5 25. Qxc5 f6 $2 (25... Rac8 26. Qd4 Rb8) 26. Rxd5 $2 (26. Rxa8 Nf4+ 27. Kg3 Nh5+ 28. Kh4 Rxa8 29. Kxh5) 26... Rxa1 27. Rd3 Rb1 $2 (27... Ra4 {was worth a try.} 28. Nd4 fxe5 29. Qxe5 Qf6 30. Qxe6+ Qxe6 31. Nxe6 Rf6) 28. b4 (28. Qc2 $142 Ra1 29. Nh4) 28... fxe5 29. Nxe5 Qg5+ (29... Rb2 $16 {was necessary.} 30. Ne4 Qb7) 30. Rg3 Qd2 $2 {[#]} (30... Qc1 31. Qxc1 Rxc1) 31. Qa7 $2 (31. Ne8 $1 $18 {[%mdl 512] and the rest is easy.} g5 (31... Rxe8 32. Qc7) 32. Rd3 Rg1+ 33. Kxg1 Qe1+ 34. Kg2 Qe4+ 35. Rf3 Rxf3 36. Nd6) 31... g5 $2 {[%mdl 8192] Precision: White = 42%, Black = 18%.} (31... Qd5+ $16 32. Nf3 g5) 1-0

[Event "Red Bull Chess Masters 2018"]
[Site "Istanbul"]
[Date "2018.10.20"]
[Round "1.1"]
[White "Eren, Cuneyt"]
[Black "Celikel, Fatih"]
[Result "0-1"]
[WhiteElo "2084"]
[BlackElo "1856"]
[Annotator "NA RC"]
[PlyCount "62"]
[EventDate "2018.10.19"]
[EventType "team-tourn"]
[EventCountry "TUR"]
[SourceTitle "playchess.com"]
[Source "ChessBase"]
[SourceQuality "1"]
[TimeControl "600+5"]

1. d4 {[%emt 0:00:05]} Nf6 {[%emt 0:00:05]} 2. c4 {[%emt 0:00:08]} g6 {[%emt 0:00:07]} 3. Nc3 {[%emt 0:00:09]} Bg7 {[%emt 0:00:36]} 4. e4 {[%emt 0:00:05]} d6 {[%emt 0:00:00]} 5. f3 {[%emt 0:00:24]} c6 {[%emt 0:01:19]} 6. Be3 {[%emt 0:00:23] LiveBook: 333 Games} a6 {[%emt 0:00:55]} 7. Qd2 {[%emt 0:01:18]} h5 {[%emt 0:01:02] E80: Königsindisch (Sämisch-Angriff)} (7... b5 8. Bh6 Bxh6 9. Qxh6 Be6 10. Nh3 Bxh3 11. Qxh3 Nbd7 12. Qh6 b4 13. Na4 Nb6 14. Nxb6 Qxb6 15. O-O-O O-O-O 16. Be2 c5 17. d5 {½-½ (17) Vitiugov,N (2707)-Jobava,B (2715) Poikovsky 2010}) 8. Bd3 {[%emt 0:00:10]} Nbd7 {[%emt 0:00:53]} 9. Nge2 {[%emt 0:00:26]} Qc7 {[%emt 0:00:51]} 10. Rc1 {[%emt 0:01:53]} e5 {[%emt 0:01:22]} 11. d5 {[%emt 0:00:35]} c5 {[%emt 0:01:01]} 12. Nd1 $146 {[%emt 0:01:33]} ({Vorgänger:} 12. a3 Rb8 13. Rb1 O-O 14. Bh6 b6 15. Bxg7 Kxg7 {1-0 (47) Jarmula,P (1828)-Janula,M (1767) Warsaw 2009}) 12... h4 {[%emt 0:00:56]} 13. Nf2 {[%emt 0:00:20]} Rb8 {[%emt 0:00:22]} 14. a4 {[%emt 0:00:20]} b6 {[%emt 0:00:16]} 15. Nh3 {[%emt 0:00:52]} ({Better is} 15. O-O $16) 15... Nf8 {[%emt 0:00:21]} 16. Ng5 {[%emt 0:00:42]} N8h7 {[%emt 0:00:29]} 17. h3 {[%emt 0:00:24]} Nxg5 {[%emt 0:00:05]} 18. Bxg5 {[%emt 0:00:05]} Bd7 {[%emt 0:00:04]} 19. b3 {[%emt 0:00:06]} b5 {[%emt 0:00:05]} 20. axb5 {[%emt 0:00:16]} axb5 {[%emt 0:00:02]} 21. O-O {[%emt 0:00:06]} Qc8 {[%emt 0:00:16]} 22. Kh2 {[%emt 0:00:37]} (22. Nc3 $16) 22... b4 {[%emt 0:00:04]} 23. Ra1 {[%emt 0:00:20]} Nh5 {[%emt 0:00:12]} 24. Ra7 {[%emt 0:00:29]} f6 {[%emt 0:00:07]} 25. Bxh4 {[%emt 0:00:07]} Nf4 $18 {[%emt 0:00:17]} (25... Bh6 $16 {is a better defense.} 26. Qa2 Nf4) 26. Nxf4 {[%emt 0:00:05]} exf4 {[%emt 0:00:01]} 27. Rxd7 {[%emt 0:00:15]} Qxd7 {[%emt 0:00:05]} 28. Bf2 {[%emt 0:00:05]} g5 {[%emt 0:00:05]} 29. Ra1 {[%emt 0:00:05]} f5 {[%emt 0:00:05]} 30. Ra6 {[%emt 0:00:00]} g4 {[%emt 0:00:04]} 31. Qxf4 {[%emt 0:00:00]} Be5 {[%emt 0:00:00]} 0-1